Il processo /

Guardat en:
Dades bibliogràfiques
Autor principal: Kafka, Franz, (1883-1924) (Autor)
Altres autors: Zampa, Giorgio, (1921-2008)
Format: Llibre
Idioma:italià
Publicat: Milano : Adelphi, c1978
Col·lecció:Piccola biblioteca Adelphi ; 69
Etiquetes: Afegir etiqueta
Sense etiquetes, Sigues el primer a etiquetar aquest registre!

MARC

LEADER 00000nam a22000007i 4500
001 IT\ICCU\RAV\0233762
003 ItRI
005 20260207224905.0
008 940317s1978 it |||||| ||||| |||||c
015 |2 IT  |a S9-4564 
020 |a 8845903656 
020 |a 9788845903656 (9.ed. 1992) 
040 |b ita  |c Arcigay Viterbo 
041 7 |a ita  |2 ISO-639-2 
082 |a 833.912  |2 20 
100 1 |a Kafka, Franz,  |d  (1883-1924)  |0 IT\ICCU\CFIV\005851  |4 aut 
240 1 4 |a Der Prozess  |9 Kafka, Franz <1883-1924> 
245 1 3 |a Il processo /  |c Franz Kafka ; traduzione di Giorgio Zampa. 
260 |a Milano :  |b Adelphi,  |c c1978 
300 |a 263 p. ;  |c 18 cm 
700 1 |a Zampa, Giorgio,  |d  (1921-2008)  |0 IT\ICCU\CFIV\049728 
830 0 |a Piccola biblioteca Adelphi ;  |v 69  |0 IT\ICCU\CFI\0003745 
942 |2 ddc  |c BK  |n 0 
999 |c 8236  |d 8236